000 00352nam a2200157Ia 4500
001 19129
003 IN-NITTTR
005 20251114233221.0
008 251113s9999||||xx |||||||||||||| ||eng||
040 _beng
040 _cIN-NITTTR
041 _aeng
082 _a627 V44H
245 0 _aHydraulic machines :
_b theory and design. /
942 _2ddc
_cBK
999 _c21763
_d21763